00843cam a2200217 a 450000500170000000800410001702000150005804000290007304100080010204400080011008200220011810000300014024500760017026000500024630000540029650400720035065000460042265000600046865000670052870000300059520160830100643.0970909s1999 nyua b 001 0 eng  a0195076311 aDLCcDLCdDLCdCO-BoIAVH0 aeng axxu00a597.1788011bQ73q1 aQuinn, Terrance J.eautor10aQuantitative fish dynamics /cTerrance J. Quinn II y Richard B. Deriso. aNueva York :bOxford University Press,c1999. axv, 542 páginas :bilustraciones ;c25 x 16 cm. aIncluye referencias bibliográficas: páginas 486-516 e índice.26aRecursos pesquerosxModelos matemáticos26aPecesxDinámica de poblacionesxModelos matemáticos26aPecesxDistribución de la poblaciónxModelos matemáticos1 aDeriso, Richard B.eautor